[Event "Topusko op 5th"]
[Site "Topusko"]
[Date "2016.08.06"]
[Round "1"]
[White "Frank, Vladimir"]
[Black "Kablar, Dorian"]
[Result "1-0"]
[WhiteElo "2068"]
[BlackElo "1412"]
[PlyCount "71"]
[EventDate "2016.08.06"]
[EventType "swiss"]
[EventRounds "9"]
[EventCountry "CRO"]
[SourceTitle "CBM 173 Extra"]
[Source "ChessBase"]
[SourceDate "2016.08.29"]
[SourceVersion "1"]
[SourceVersionDate "2016.08.29"]
[SourceQuality "1"]

1. Nf3 Nf6 2. c4 Nc6 3. d4 e6 4. Nc3 d5 5. Bg5 Be7 6. e3 a6 7. Rc1 0-0 8. Bd3 h6 9. Bh4 dxc4 10. Bxc4 Nd5 11. Bxe7 Nxc3 12. Bxd8 Nxd1 13. Bxc7 Nxb2 14. Ke2 Nxc4 15. Rxc4 Bd7 16. a4 b5 17. axb5 Ne7 18. Rc2 Bxb5+ 19. Kd2 Rfc8 20. Rhc1 Bc6 21. Bd6 Bxf3 22. gxf3 Rxc2+ 23. Rxc2 Nf5 24. Bc5 Rd8 25. Ke2 Nd6 26. Ra2 Nb7 27. Rxa6 Nxc5 28. dxc5 Rd5 29. Ra8+ Kh7 30. Rc8 Kg6 31. e4 Re5 32. Ke3 Kf6 33. Kd4 Rh5 34. c6 Ke7 35. e5 Rf5 36. Rg8 1-0

[Event "Zagreb Hulak Memorial op 1st"]
[Site "Zagreb"]
[Date "2016.06.12"]
[Round "3"]
[White "Biti, Ozren"]
[Black "Frank, Vladimir"]
[Result "1/2-1/2"]
[WhiteElo "2354"]
[BlackElo "2058"]
[PlyCount "87"]
[EventDate "2016.06.10"]
[EventType "swiss"]
[EventRounds "9"]
[EventCountry "CRO"]
[SourceTitle "CBM 173 Extra"]
[Source "ChessBase"]
[SourceDate "2016.08.29"]
[SourceVersion "1"]
[SourceVersionDate "2016.08.29"]
[SourceQuality "1"]

1. e4 c5 2. Nc3 Nc6 3. Bb5 g6 4. Bxc6 dxc6 5. d3 Bg7 6. f4 e5 7. Nf3 Bg4 8. h3 Bxf3 9. Qxf3 exf4 10. Bxf4 Ne7 11. 0-0 f5 12. Qg3 0-0 13. Kh1 b6 14. Rae1 Qd7 15. Be5 Rae8 16. Bxg7 Kxg7 17. Rf3 Ng8 18. Ref1 Nh6 19. Qf2 Qd4 20. Qg3 Qd7 21. Qh4 Qd8 22. Qf2 Qd4 23. Qd2 Qd8 24. Ne2 fxe4 25. Qc3+ Kg8 26. Rxf8+ Rxf8 27. Rxf8+ Qxf8 28. dxe4 Qf1+ 29. Ng1 Qf7 30. Nf3 Qe7 31. Qe3 Kg7 32. Qf4 Nf7 33. Kg1 Qf6 34. Qxf6+ Kxf6 35. Kf2 Ne5 36. Nd2 g5 37. Ke3 Ke6 38. b3 b5 39. g3 h6 40. h4 Ng4+ 41. Kf3 Ne5+ 42. Ke3 Ng4+ 43. Kf3 Ne5+ 44. Ke3 1/2-1/2

[Event "CRO-chT2 Center 25th"]
[Site "Croatia"]
[Date "2016.04.17"]
[Round "6.45"]
[White "Frank, Vladimir"]
[Black "Turcin, Lovro"]
[Result "0-1"]
[WhiteElo "2054"]
[BlackElo "2178"]
[PlyCount "100"]
[EventDate "2016.03.13"]
[EventType "team-tourn"]
[EventRounds "11"]
[EventCountry "CRO"]
[SourceTitle "EXT 2019"]
[Source "ChessBase"]
[SourceDate "2018.10.10"]
[SourceVersion "1"]
[SourceVersionDate "2018.10.10"]
[SourceQuality "1"]

1. Nf3 Nf6 2. c4 g6 3. Nc3 d5 4. cxd5 Nxd5 5. e4 Nxc3 6. bxc3 Bg7 7. d4 c5 8. Be3 Nc6 9. Qd2 Qa5 10. Rb1 cxd4 11. cxd4 Qxd2+ 12. Kxd2 0-0 13. d5 Rd8 14. Bd3 Na5 15. Bf4 b6 16. Ke2 Bg4 17. Ba6 f5 18. h3 fxe4 19. hxg4 exf3+ 20. gxf3 Rxd5 21. Rhc1 Rad8 22. Rc2 Bd4 23. Bd2 Be5 24. Be3 Kg7 25. f4 Bd4 26. Rb4 Bxe3 27. fxe3 h5 28. Re4 Kf6 29. Kf3 hxg4+ 30. Kxg4 Rd2 31. Rc7 R8d7 32. Rxd7 Rxd7 33. a4 Nb3 34. Bb5 Rd2 35. Re5 e6 36. Bc4 Nc5 37. a5 Rc2 38. axb6 axb6 39. Bf1 Rc1 40. Bb5 Rb1 41. Be8 Rg1+ 42. Kf3 g5 43. Kf2 Rb1 44. Kf3 gxf4 45. exf4 Rf1+ 46. Kg3 Rb1 47. Bc6 Rb3+ 48. Kg4 Nd3 49. Re2 Rb4 50. Be4 Rxe4 0-1

[Event "CRO-chT2 Center 25th"]
[Site "Croatia"]
[Date "2016.04.17"]
[Round "5.35"]
[White "Komljenovic, Tihomir"]
[Black "Frank, Vladimir"]
[Result "1/2-1/2"]
[WhiteElo "2061"]
[BlackElo "2054"]
[PlyCount "101"]
[EventDate "2016.03.13"]
[EventType "team-tourn"]
[EventRounds "11"]
[EventCountry "CRO"]
[SourceTitle "EXT 2019"]
[Source "ChessBase"]
[SourceDate "2018.10.10"]
[SourceVersion "1"]
[SourceVersionDate "2018.10.10"]
[SourceQuality "1"]

1. e4 c5 2. Nf3 Nc6 3. d4 cxd4 4. Nxd4 Nf6 5. Nc3 d6 6. f3 e6 7. Be3 Be7 8. Qd2 a6 9. 0-0-0 Nxd4 10. Bxd4 b5 11. Kb1 Bb7 12. g4 0-0 13. h4 Rc8 14. g5 Nd7 15. Rh3 Nc5 16. Bg2 b4 17. Ne2 Qc7 18. h5 e5 19. Be3 Ne6 20. c3 Rfd8 21. Rc1 b3 22. axb3 d5 23. g6 fxg6 24. hxg6 hxg6 25. exd5 Bxd5 26. Qc2 Nf8 27. Rch1 Qb7 28. c4 Be6 29. Rh8+ Kf7 30. Nc3 Bf5 31. Ne4 Rd7 32. Bh3 Bxh3 33. R8xh3 Rcd8 34. Bg5 Ne6 35. Bxe7 Kxe7 36. Nc3 Nf4 37. Rg3 Rd2 38. Rxg6 Nxg6 39. Qxg6 Qxf3 40. Qxg7+ Qf7 41. Qxe5+ Kd7 42. Nd5 Kc8 43. Rh6 R2xd5 44. cxd5 Qxd5 45. Qc3+ Kb7 46. Qb4+ Qb5 47. Rh7+ Ka8 48. Qe4+ Qd5 49. Qe7 Qf5+ 50. Ka2 Qa5+ 51. Qa3 1/2-1/2

[Event "CRO-chT2 Center 25th"]
[Site "Croatia"]
[Date "2016.04.10"]
[Round "3.25"]
[White "Vucic, Mihovil"]
[Black "Frank, Vladimir"]
[Result "0-1"]
[WhiteElo "2119"]
[BlackElo "2054"]
[PlyCount "88"]
[EventDate "2016.03.13"]
[EventType "team-tourn"]
[EventRounds "11"]
[EventCountry "CRO"]
[SourceTitle "EXT 2019"]
[Source "ChessBase"]
[SourceDate "2018.10.10"]
[SourceVersion "1"]
[SourceVersionDate "2018.10.10"]
[SourceQuality "1"]

1. e4 c5 2. Nf3 Nc6 3. c3 Nf6 4. e5 Nd5 5. d4 cxd4 6. cxd4 e6 7. Nc3 Nxc3 8. bxc3 d6 9. exd6 Bxd6 10. Bd3 b6 11. 0-0 Bb7 12. Re1 Ne7 13. Bb5+ Kf8 14. Ng5 h6 15. Qh5 g6 16. Qh3 Kg7 17. Nxf7 Kxf7 18. Qxe6+ Kg7 19. Bf4 Nf5 20. Be5+ Bxe5 21. Rxe5 Rf8 22. Rae1 Qf6 23. Bd3 Qxe6 24. Rxe6 Bd5 25. R6e5 Bxa2 26. d5 Rac8 27. Ra1 Rxc3 28. Be4 Nd6 29. Bf3 Rc2 30. Re6 Rf6 31. Re7+ Rf7 32. Re6 Rd7 33. g4 b5 34. Rae1 Kf7 35. h4 b4 36. h5 gxh5 37. Rxh6 Kg7 38. Ree6 Nf7 39. Rxh5 b3 40. Be4 Rc1+ 41. Kh2 b2 42. Rh7+ Kf8 43. g5 Bxd5 44. Bxd5 Rxd5 0-1

[Event "Krapina Regional Cup"]
[Site "Krapina"]
[Date "2016.02.14"]
[Round "1"]
[White "Frank, Vladimir"]
[Black "Novosel, Marko"]
[Result "0-1"]
[WhiteElo "2091"]
[BlackElo "1693"]
[PlyCount "70"]
[EventDate "2016.02.14"]
[EventType "team-swiss"]
[EventRounds "5"]
[EventCountry "CRO"]
[SourceTitle "CBM 171 Extra"]
[Source "ChessBase"]
[SourceDate "2016.04.26"]
[SourceVersion "1"]
[SourceVersionDate "2016.04.26"]
[SourceQuality "1"]

1. Nf3 c5 2. c4 d6 3. d4 cxd4 4. Nxd4 Nf6 5. Nc3 a6 6. e4 g6 7. Be2 Bg7 8. Be3 Nc6 9. Nc2 Be6 10. f3 Rc8 11. Qd2 Ne5 12. b3 Qa5 13. Na4 Qxd2+ 14. Kxd2 0-0 15. Nb6 Rc7 16. Nd4 Bd7 17. Rac1 Nc6 18. Nd5 Nxd4 19. Nxc7 Nxe2 20. Kxe2 e6 21. Rhd1 Rc8 22. Bb6 Bf8 23. Rd3 Bc6 24. a4 Be7 25. Rcd1 Bd8 26. Rxd6 Bxc7 27. Bxc7 Rxc7 28. Rd8+ Kg7 29. e5 Nd7 30. f4 Nc5 31. g4 Nxb3 32. Rb8 Bd7 33. c5 Nxc5 34. Rc1 Bxa4 35. Ke3 Rc6 0-1

[Event "CRO-chT2 Center 23rd"]
[Site "Grubisno Polje"]
[Date "2014.09.07"]
[Round "7.4"]
[White "Jukic, Zeljko"]
[Black "Frank, Vladimir"]
[Result "1-0"]
[WhiteElo "2251"]
[BlackElo "2122"]
[PlyCount "75"]
[EventDate "2014.03.02"]
[EventType "team-match"]
[EventRounds "11"]
[EventCountry "CRO"]
[SourceTitle "EXT 2016"]
[Source "ChessBase"]
[SourceDate "2015.10.08"]
[SourceVersion "1"]
[SourceVersionDate "2015.10.08"]
[SourceQuality "1"]

1. d4 Nf6 2. c4 e6 3. g3 d5 4. Bg2 c6 5. Nf3 Nbd7 6. Qc2 Bd6 7. 0-0 0-0 8. Rd1 Qe7 9. Nc3 a6 10. b3 b5 11. Bg5 b4 12. Na4 h6 13. Bxf6 Nxf6 14. Rac1 Rb8 15. Nd2 Qa7 16. Qd3 Rd8 17. e4 Be7 18. cxd5 cxd5 19. e5 Nd7 20. Bf1 Nb6 21. Nc5 a5 22. Nf3 a4 23. Qd2 Bxc5 24. dxc5 Na8 25. Nd4 Bd7 26. c6 Be8 27. Nb5 Rxb5 28. Bxb5 axb3 29. axb3 Qa5 30. Ba4 Nc7 31. Qd4 Rc8 32. Qc5 Qxc5 33. Rxc5 Ra8 34. Rd4 Rb8 35. Ra5 f6 36. f4 Kf8 37. Ra7 Na8 38. Rxb4 1-0

[Event "Topusko op 3rd"]
[Site "Topusko"]
[Date "2014.08.15"]
[Round "9"]
[White "Vrsek, Ivan"]
[Black "Frank, Vladimir"]
[Result "1-0"]
[WhiteElo "2228"]
[BlackElo "2165"]
[PlyCount "69"]
[EventDate "2014.08.08"]
[EventType "swiss"]
[EventRounds "9"]
[EventCountry "CRO"]
[SourceTitle "CBM 162 Extra"]
[Source "ChessBase"]
[SourceDate "2014.10.17"]
[SourceVersion "1"]
[SourceVersionDate "2014.10.17"]
[SourceQuality "1"]

1. d4 Nf6 2. Bg5 e6 3. e4 h6 4. Bxf6 Qxf6 5. Nc3 g6 6. Nf3 d6 7. e5 Qe7 8. Qd2 Nd7 9. 0-0-0 Bg7 10. Qe3 0-0 11. h4 d5 12. Nd2 c5 13. f4 cxd4 14. Qxd4 b6 15. Nf3 h5 16. Ng5 Bb7 17. Kb1 Rfc8 18. Nb5 a6 19. Na3 b5 20. c3 Qc5 21. Nc2 Nb6 22. Be2 Nc4 23. g4 hxg4 24. Bxg4 Qe7 25. Rdg1 Rc7 26. h5 Bxe5 27. fxe5 Qxg5 28. hxg6 Qxe5 29. gxf7+ Kf8 30. Qxe5 Nxe5 31. Bxe6 Ke7 32. Nd4 Rf8 33. Re1 Kd6 34. Rh6 Nc4 35. Bg4+ 1-0

[Event "CRO-chT2 Center 23rd"]
[Site "Grubisno Polje"]
[Date "2014.03.02"]
[Round "1.1"]
[White "Mihalincic, Tomislav"]
[Black "Frank, Vladimir"]
[Result "1-0"]
[WhiteElo "2319"]
[BlackElo "2122"]
[PlyCount "95"]
[EventDate "2014.03.02"]
[EventType "team-match"]
[EventRounds "11"]
[EventCountry "CRO"]
[SourceTitle "EXT 2016"]
[Source "ChessBase"]
[SourceDate "2015.10.08"]
[SourceVersion "1"]
[SourceVersionDate "2015.10.08"]
[SourceQuality "1"]

1. e4 c6 2. d4 d5 3. Nd2 dxe4 4. Nxe4 Bf5 5. Ng3 Bg6 6. Nf3 Nd7 7. h4 h6 8. h5 Bh7 9. Bd3 Bxd3 10. Qxd3 Qc7 11. Bd2 Ngf6 12. 0-0-0 e6 13. Ne4 0-0-0 14. g3 Nxe4 15. Qxe4 Nf6 16. Qe2 Bd6 17. c4 Rhe8 18. Bc3 c5 19. dxc5 Bxc5 20. Ne5 Rxd1+ 21. Rxd1 Rd8 22. Rxd8+ Kxd8 23. f4 Ke7 24. g4 Bd6 25. Kc2 Bxe5 26. fxe5 Nd7 27. Qe4 Qc6 28. Qd4 Nc5 29. Qd6+ Qxd6 30. exd6+ Kf8 31. b4 Nd7 32. c5 f6 33. Bd4 a6 34. a4 e5 35. Be3 Kf7 36. b5 axb5 37. axb5 Ke6 38. c6 bxc6 39. bxc6 Kxd6 40. cxd7 Kxd7 41. Kd3 Ke6 42. Ke4 Kf7 43. Kf5 Kg8 44. Kg6 Kf8 45. Bf2 Kg8 46. Bc5 e4 47. Kf5 Kf7 48. Be3 1-0

[Event "Zagreb City-ch"]
[Site "Zagreb"]
[Date "2013.11.10"]
[Round "6"]
[White "Frank, Vladimir"]
[Black "Pecnik, Leo"]
[Result "1/2-1/2"]
[WhiteElo "2143"]
[BlackElo "2253"]
[PlyCount "46"]
[EventDate "2013.11.04"]
[EventType "swiss"]
[EventRounds "9"]
[EventCountry "CRO"]
[SourceTitle "EXT 2015"]
[Source "ChessBase"]
[SourceDate "2014.11.20"]
[SourceVersion "1"]
[SourceVersionDate "2014.11.20"]
[SourceQuality "1"]

1. Nf3 f5 2. d4 Nf6 3. Bf4 g6 4. e3 Bg7 5. Bc4 e6 6. Nbd2 0-0 7. c3 d6 8. Qe2 Nc6 9. h3 Qe7 10. 0-0-0 Bd7 11. g4 b5 12. Bb3 Na5 13. Bc2 Bc6 14. Rhg1 Nc4 15. gxf5 exf5 16. Nxc4 bxc4 17. Nd2 Kh8 18. Qxc4 Qd7 19. Bb3 Bb5 20. Qe6 Qc6 21. Bc4 Ba4 22. Bb3 Bb5 23. Bc4 Ba4 1/2-1/2

[Event "Zagreb City-ch"]
[Site "Zagreb"]
[Date "2013.11.09"]
[Round "5"]
[White "Dutina, Dario"]
[Black "Frank, Vladimir"]
[Result "0-1"]
[WhiteElo "2251"]
[BlackElo "2143"]
[PlyCount "138"]
[EventDate "2013.11.04"]
[EventType "swiss"]
[EventRounds "9"]
[EventCountry "CRO"]
[SourceTitle "EXT 2015"]
[Source "ChessBase"]
[SourceDate "2014.11.20"]
[SourceVersion "1"]
[SourceVersionDate "2014.11.20"]
[SourceQuality "1"]

1. e4 c5 2. Nc3 Nc6 3. f4 g6 4. Nf3 Bg7 5. Bb5 e6 6. Bxc6 dxc6 7. e5 Ne7 8. Ne4 0-0 9. Nxc5 Qd5 10. Nd3 c5 11. Nf2 Rd8 12. Qe2 b6 13. b3 Bb7 14. d3 Nf5 15. c4 Qc6 16. Be3 Rd7 17. Ne4 Rad8 18. 0-0-0 Qc7 19. Bf2 Bxe4 20. Qxe4 Nd4 21. Bxd4 cxd4 22. Kd2 Qc5 23. Ke2 Qa3 24. Rd2 Bf8 25. Qc6 Qc5 26. Qxc5 bxc5 27. Rb2 Rb7 28. Rhb1 Be7 29. Ne1 Rdb8 30. Nc2 Kf8 31. a3 a5 32. b4 Ke8 33. b5 Kd7 34. Ne1 Kc7 35. Nf3 h6 36. Nd2 Kb6 37. Ne4 Rh8 38. Kf3 Rd7 39. a4 Rdd8 40. g3 Rdg8 41. Rf1 Rb8 42. Rg2 Rbg8 43. h3 h5 44. Nd2 Rg7 45. Ke4 Rgg8 46. Nf3 Rg7 47. Rfg1 Bd8 48. g4 hxg4 49. hxg4 Rh3 50. Rh2 Rxh2 51. Nxh2 Rh7 52. Nf3 Rh3 53. f5 gxf5+ 54. gxf5 exf5+ 55. Kf4 Bc7 56. Rg7 Rh1 57. Rxf7 Rd1 58. Kxf5 Rxd3 59. Rf6+ Kb7 60. Ke4 Re3+ 61. Kd5 d3 62. Rf7 d2 63. Rxc7+ Kxc7 64. Nxd2 Rd3+ 65. Kxc5 Rxd2 66. e6 Rd6 67. e7 Re6 68. b6+ Kb7 69. Kb5 Rxb6+ 0-1